|
|
|
|
| LEADER |
01888cas a2200241 a 4500 |
| 001 |
AALejournalIMF009776 |
| 008 |
230101c9999 xx r poo 0 0eng d |
| 020 |
|
|
|c 5.00 USD
|
| 020 |
|
|
|z 9781451942873
|
| 022 |
|
|
|a 1934-7685
|
| 040 |
|
|
|a BD-DhAAL
|c BD-DhAAL
|
| 110 |
2 |
|
|a International Monetary Fund.
|
| 245 |
1 |
0 |
|a Sri Lanka :
|b Report on the Observance of Standards and Codes for Anti-Money Laundering and Combating the Financing of Terrorism and Mutual Evaluation Report on Anti-Money Laundering and Combating the Financing of Terrorism.
|
| 264 |
|
1 |
|a Washington, D.C. :
|b International Monetary Fund,
|c 2008.
|
| 300 |
|
|
|a 1 online resource (161 pages)
|
| 490 |
1 |
|
|a IMF Staff Country Reports
|
| 500 |
|
|
|a <strong>Off-Campus Access:</strong> No User ID or Password Required
|
| 500 |
|
|
|a <strong>On-Campus Access:</strong> No User ID or Password Required
|
| 506 |
|
|
|a Electronic access restricted to authorized BRAC University faculty, staff and students
|
| 520 |
3 |
|
|a The experts reviewed the institutional framework, the relevant Anti-Money Laundering and Combating the Financing of Terrorism (AML/CFT) laws, regulations, guidelines, and other requirements, and the regulatory and other systems in place to deter money laundering (ML) and the financing of terrorism (FT) through financial institutions and designated non-financial businesses and professions (DNFBP), as well as examining the capacity, the implementation, and the effectiveness of all these systems. The report also analyzes that to curtail the activities of the Liberation Tigers of Tamil Eelam (LTTE), it is necessary to put in place effective measures in respect of AML/CFT.
|
| 538 |
|
|
|a Mode of access: Internet
|
| 830 |
|
0 |
|a IMF Staff Country Reports; Country Report ;
|v No. 2008/018
|
| 856 |
4 |
0 |
|z Full text available on IMF
|u http://elibrary.imf.org/view/journals/002/2008/018/002.2008.issue-018-en.xml
|z IMF e-Library
|